Intermediate economic analysis for management and engineering

Saved in:
Bibliografiske detaljer
Hovedforfatter: Canada, John R (Author)
Format: Bog
Sprog:spansk
Udgivet: Englewood Cliffs Prentice-Hall 1971
Fag:
Tags: Tilføj Tag
Ingen Tags, Vær først til at tagge denne postø!

MARC

LEADER 00000nam a2200000 a 4500
001 UCU2479
003 CL-VaPUC
008 960426e19710000us |||||||||||||||||spa|d
082 0 4 |a 338  |b CAN  |2 21 
100 0 |a Canada, John R  |e author  |9 358642 
245 1 0 |a Intermediate economic analysis for management and engineering 
300 |a 430 p 
942 |c BK 
945 |d 19960426 00:00:00  |a cmena 
260 |a Englewood Cliffs  |b Prentice-Hall  |c 1971 
650 0 |a Economía   |9 255568 
650 7 |a PLANIFICACION  |2 CL-VaPUC  |9 260802 
650 0 |a Teorías económicas  |9 270968 
650 7 |a GASTOS  |2 CL-VaPUC  |9 357995 
650 0 |a Toma de decisiones   |9 257530 
650 7 |a INTERESES BENEFICIO  |2 CL-VaPUC  |9 358643 
650 0 |a Depreciación  |9 358644 
650 0 |a Administración de empresas   |9 260833 
650 0 |a Análisis de costo-beneficio  |9 358645 
650 0 |a Riesgo  |9 256420 
650 7 |a EVALUACION DEL RIESGO  |2 CL-VaPUC  |9 358646 
650 0 |a Evaluación de proyectos   |9 259341 
650 7 |a PROYECTOS INDUSTRIALES  |2 CL-VaPUC  |9 358647 
583 |a last modification  |c 20150423 05:27:34  |k Rodrigo Vera 
999 |c 246760  |d 246758 
952 |0 0  |1 0  |4 0  |6 338_000000000000000_CAN_1971  |7 0  |8 A  |9 261958  |a BIBING  |b BIBING  |d 2019-11-19  |i 1640089  |o 338 CAN 1971  |p 1640089  |r 2025-01-20  |w 2019-11-19  |y BK  |k ING